<?xml version="1.0" encoding="UTF-8"?>
<record
    xmlns:xsi="http://www.w3.org/2001/XMLSchema-instance"
    xsi:schemaLocation="http://www.loc.gov/MARC21/slim http://www.loc.gov/standards/marcxml/schema/MARC21slim.xsd"
    xmlns="http://www.loc.gov/MARC21/slim">

  <leader>01665nam a22002417a 4500</leader>
  <controlfield tag="003">DO-SdBJH</controlfield>
  <controlfield tag="005">20240828143339.0</controlfield>
  <controlfield tag="008">240828b        |||||||| |||| 00| 0 spa d</controlfield>
  <datafield tag="040" ind1=" " ind2=" ">
    <subfield code="a">DO-SdBJH</subfield>
    <subfield code="b">spa</subfield>
    <subfield code="c">DO-SdBJH</subfield>
  </datafield>
  <datafield tag="090" ind1=" " ind2=" ">
    <subfield code="a">TG ANGM</subfield>
    <subfield code="b">02111 2022</subfield>
  </datafield>
  <datafield tag="100" ind1="1" ind2=" ">
    <subfield code="a">Coca Montero, Florisleidy</subfield>
    <subfield code="e">sustentante</subfield>
  </datafield>
  <datafield tag="245" ind1="1" ind2="0">
    <subfield code="a">Rol de la Armada de Rep&#xFA;blica Dominicana ante el impacto del sargazo a los Ecosistemas Marino en la Zona Este / </subfield>
    <subfield code="c">Florisleidy Coca Montero, F&#xE9;lix Ram&#xF3;n Mosquea Fa&#xF1;a, asesores Flor Mar&#xED;a Vera, Gertrudis Perero Rodr&#xED;guez</subfield>
  </datafield>
  <datafield tag="260" ind1=" " ind2=" ">
    <subfield code="a">Santo Domingo Este :</subfield>
    <subfield code="b">INSUDE, </subfield>
    <subfield code="c">2022</subfield>
  </datafield>
  <datafield tag="300" ind1=" " ind2=" ">
    <subfield code="a">vi, 62 p&#xE1;ginas, , imagen, gr&#xE1;ficos, mapa, ilustraci&#xF3;n</subfield>
  </datafield>
  <datafield tag="502" ind1=" " ind2=" ">
    <subfield code="a">Trabajo de grado (Licenciado en Ciencias Navales). -- Instituto Superior para la Defensa (INSUDE). Academia Naval Marina de Guerra &#x201C;Vicealmirante Cesar D&#x2019;Windt Lavandier&#x201D;, 2022</subfield>
  </datafield>
  <datafield tag="504" ind1=" " ind2=" ">
    <subfield code="a">Incluye referencias bibliogr&#xE1;ficas e &#xED;ndices</subfield>
  </datafield>
  <datafield tag="505" ind1=" " ind2=" ">
    <subfield code="a">La Armada de Rep&#xFA;blica Dominicana como participante la investigaci&#xF3;n del sargazo y los ecosistemas marinos en el marco normativo. -- Descripci&#xF3;n y conceptos generales del sargazo, los ecosistemas marinos. -- Presentar la situaci&#xF3;n actual del sargazo en la zona Este y de como peligran las especies marinas. -- Medidas y propuestas el control del sargazo en las playas de la zona Este y los ecosistemas marinos</subfield>
  </datafield>
  <datafield tag="700" ind1="1" ind2=" ">
    <subfield code="a"> Mosquea Fa&#xF1;a, F&#xE9;lix Ram&#xF3;n</subfield>
    <subfield code="e">sustentante</subfield>
  </datafield>
  <datafield tag="700" ind1="1" ind2=" ">
    <subfield code="a">Vera,  Flor Mar&#xED;a</subfield>
    <subfield code="e">asesor</subfield>
  </datafield>
  <datafield tag="700" ind1="1" ind2=" ">
    <subfield code="a">Perero Rodr&#xED;guez, Gertrudis </subfield>
    <subfield code="e">asesor</subfield>
  </datafield>
  <datafield tag="830" ind1=" " ind2=" ">
    <subfield code="a">INSUDE.  Academia Naval Marina de Guerra &#x201C;Vicealmirante Cesar D&#x2019;Windt Lavandier&#x201D;. Tesis y disertaciones acad&#xE9;micas</subfield>
  </datafield>
  <datafield tag="942" ind1=" " ind2=" ">
    <subfield code="2">CL</subfield>
    <subfield code="c">T</subfield>
  </datafield>
  <datafield tag="999" ind1=" " ind2=" ">
    <subfield code="c">7823</subfield>
    <subfield code="d">7823</subfield>
  </datafield>
  <datafield tag="952" ind1=" " ind2=" ">
    <subfield code="0">0</subfield>
    <subfield code="1">0</subfield>
    <subfield code="2">CL</subfield>
    <subfield code="4">0</subfield>
    <subfield code="7">0</subfield>
    <subfield code="8">CG</subfield>
    <subfield code="a">BJHA</subfield>
    <subfield code="b">BJHA</subfield>
    <subfield code="d">2024-08-28</subfield>
    <subfield code="i">22-02111</subfield>
    <subfield code="l">0</subfield>
    <subfield code="o">TG ANGM 02111 2022</subfield>
    <subfield code="p">22-02111</subfield>
    <subfield code="r">2024-08-28 14:34:07</subfield>
    <subfield code="t">e.1</subfield>
    <subfield code="w">2024-08-28</subfield>
    <subfield code="y">T</subfield>
  </datafield>
</record>
